=LDR 00000nam 2200000 4500 =001 INLIS000000000029818 =005 20130612132023 =008 ***********************************Ind** =035 ##$$0010-061300000029818 =041 ##$$a Ind =082 ##$$a 618.2 =090 ##$$a 618.2, Nay o =100 ##$$a Naylor, C. Scott =245 ##$$a Obstetri ginekologi referensi ringkas, C. Scott Naylor ; alih bahasa, dr Huriawati Hartanto ; editor, Dewi Anggraini =260 ##$$a 2005 $b Jakarta =300 ##$$a xi, 102 hlm, 21 cm =650 ##$$a Ilmu Kebidanan =700 ##$$a Hartanto, Huriawati =850 ##$$a NBPNMAT